000 00424nam a2200181Ia 4500
001 16824
005 20260306170339.0
008 260306t2010||||xx |||||||||||||| ||und||
041 _aESP
082 _a657
_bZ55 2010
100 _aZeballos Zeballos, Erly
_eAUT
245 0 _aContabilidad general
260 _c2010
300 _a550 páginas :
_c20 cm.
650 _aGEN
654 _aCCO
942 _cLIB
_dJUS
_fJUS
_2ddc
_n
999 _c16824
_d16824